Most FPL points per season since the start of FPL - Statistics

General Stats
  • This quiz has been taken 14 times
  • The average score is 18 of 23
Answer Stats
Hint Answer % Correct
22/23 Haaland
100%
24/25 Salah
100%
21/22 Salah
100%
18/19 Salah
100%
17/18 Salah
100%
9/10 Lampard
92%
8/9 Lampard
92%
4/5 Lampard
92%
14/15 Hazard
83%
5/6 Henry
83%
3/4 Henry
83%
2/3 Henry
83%
13/14 Suarez
83%
19/20 De Bruyne
75%
23/24 Palmer
75%
7/8 Ronaldo
75%
6/7 Ronaldo
75%
15/16 Mahrez
67%
20/21 Fernandes
42%
10/11 Nani
42%
12/13 Van Persie
42%
11/12 Van Persie
42%
16/17 Sanchez
33%
No matching quizzes found
Score Distribution
Percent of People with Each Score
Percentile by Number Answered
Your Score History
You have not taken this quiz